000 00680nam a2200277Ia 4500
005 20260324120959.0
008 008 260324s9999 xx 000 0 eng d
020 _a9781315583341
037 _aEBOOK
040 _aCRL
040 _beng
040 _cCRL
041 _2eng
041 _aeng
084 _qCRL
100 _aStefano Corbo
_91148184
245 0 _aFrom Formalism to Weak Form: The Architecture and Philosophy of Peter Eisenman
260 _bTaylor and Francis
260 _c2014
365 _a
365 _b230
856 _uhttp://www.taylorfrancis.com/books/9781315583341
942 _cEBOOK
999 _c1752544
_d1752544